[Event "HUN-chT1 Maroczy 2324"]
[Site "Hungary"]
[Date "2024.03.10"]
[Round "8.12"]
[White "Kiss, Eniko"]
[Black "Balazs Szalai, Renata"]
[Result "1/2-1/2"]
[WhiteElo "1790"]
[BlackElo "1863"]
[PlyCount "39"]
[EventDate "2023.10.08"]
[EventType "team-tourn"]
[EventRounds "11"]
[EventCountry "HUN"]
[SourceTitle "EXT 2025"]
[Source "ChessBase"]
[SourceDate "2024.10.14"]
[SourceVersion "1"]
[SourceVersionDate "2024.10.14"]
[SourceQuality "1"]
[WhiteTeam "Pitypalatty"]
[BlackTeam "Neumann Egyetem"]
[WhiteTeamCountry "HUN"]
[BlackTeamCountry "HUN"]

1. c4 c6 2. e4 d5 3. exd5 cxd5 4. d4 Nf6 5. Nc3 Nc6 6. Nf3 e6 7. Bg5 Be7 8. Ne5 dxc4 9. Nxc6 bxc6 10. Bxc4 Nd5 11. Bxe7 Qxe7 12. 0-0 0-0 13. Rc1 Qb4 14. Qb3 Rb8 15. Ne4 a5 16. Nc5 Rd8 17. Rfd1 h6 18. g3 Ne7 19. g4 Nd5 20. Rc2 1/2-1/2

[Event "HUN-chT BAZ megyei CSB 2223"]
[Site "Hungary"]
[Date "2023.01.22"]
[Round "6.8"]
[White "Jakab, Janos"]
[Black "Kiss, Eniko"]
[Result "0-1"]
[WhiteElo "1631"]
[BlackElo "1609"]
[PlyCount "68"]
[EventDate "2022.09.25"]
[EventType "team-tourn"]
[EventRounds "9"]
[EventCountry "HUN"]
[SourceTitle "EXT 2025"]
[Source "ChessBase"]
[SourceDate "2024.10.14"]
[SourceVersion "1"]
[SourceVersionDate "2024.10.14"]
[SourceQuality "1"]
[WhiteTeam "Szerencs Varos"]
[BlackTeam "DVTK II"]
[WhiteTeamCountry "HUN"]
[BlackTeamCountry "HUN"]

1. d4 Nf6 2. Nf3 g6 3. Bf4 Bg7 4. c4 d5 5. e3 Nh5 6. Bg3 Nxg3 7. hxg3 c6 8. Nc3 0-0 9. cxd5 cxd5 10. Qb3 e6 11. Rc1 Nc6 12. Be2 a6 13. 0-0 Na5 14. Qb4 b5 15. Nb1 Re8 16. b3 f6 17. Rc2 e5 18. Rfc1 Bf5 19. Rc7 Bf8 20. Qxa5 Bd6 21. Qc3 Bxc7 22. Qxc7 Qxc7 23. Rxc7 Bxb1 24. a3 Be4 25. Nd2 exd4 26. exd4 Bxg2 27. Bf3 Bxf3 28. Nxf3 Rac8 29. Rc5 Rxc5 30. dxc5 a5 31. Nd4 b4 32. a4 Kf7 33. Kg2 Rc8 34. Nb5 Ke7 0-1

[Event "HUN-chT U18"]
[Site "Budapest"]
[Date "2022.11.03"]
[Round "7.6"]
[White "Toth, Lili1"]
[Black "Kiss, Eniko"]
[Result "1-0"]
[WhiteElo "1907"]
[BlackElo "1638"]
[PlyCount "70"]
[EventDate "2022.10.31"]
[EventType "team-swiss"]
[EventRounds "7"]
[EventCountry "HUN"]
[SourceTitle "CBM 211 Extra"]
[Source "ChessBase"]
[SourceDate "2023.01.31"]
[SourceVersion "1"]
[SourceVersionDate "2023.01.31"]
[SourceQuality "1"]
[WhiteTeam "Budapest MTK"]
[BlackTeam "DVTK SE"]
[WhiteTeamCountry "HUN"]
[BlackTeamCountry "HUN"]

1. d4 Nf6 2. c4 g6 3. Nc3 d5 4. Nf3 Bg7 5. h4 Nc6 6. cxd5 Nxd5 7. e4 Nxc3 8. bxc3 f5 9. e5 e6 10. h5 Qd5 11. Bd3 Na5 12. 0-0 Bd7 13. Qe2 b5 14. Rb1 a6 15. Qe3 h6 16. Ba3 gxh5 17. Nh4 Bc6 18. Qg3 0-0-0 19. Ng6 Rhe8 20. Bb4 Nb7 21. Ne7+ Rxe7 22. Bxe7 Rg8 23. f3 Qxa2 24. Bf6 Qd2 25. Rbd1 Qxc3 26. Bxg7 Qxd4+ 27. Kh1 Qd7 28. Bxb5 Qxg7 29. Qxg7 Rxg7 30. Bxc6 Na5 31. Be8 Nc4 32. Rfe1 f4 33. Ra1 Ne3 34. Bc6 Kd8 35. Rxa6 Nf5 1-0

[Event "HUN-chT BAZ megyei CSB 2122"]
[Site "Hungary"]
[Date "2022.03.06"]
[Round "8.8"]
[White "Gyorgy, Balazs"]
[Black "Kiss, Eniko"]
[Result "0-1"]
[WhiteElo "1248"]
[BlackElo "1652"]
[PlyCount "54"]
[EventDate "2021.10.17"]
[EventType "team-tourn"]
[EventRounds "9"]
[EventCountry "HUN"]
[SourceTitle "EXT 2025"]
[Source "ChessBase"]
[SourceDate "2024.10.14"]
[SourceVersion "1"]
[SourceVersionDate "2024.10.14"]
[SourceQuality "1"]
[WhiteTeam "Edelenyi VSE II"]
[BlackTeam "DVTK II"]
[WhiteTeamCountry "HUN"]
[BlackTeamCountry "HUN"]

1. e4 c5 2. Nf3 d6 3. d4 cxd4 4. Nxd4 Nf6 5. Nc3 g6 6. Bb5+ Bd7 7. Bxd7+ Nbxd7 8. 0-0 Bg7 9. Bg5 Qb6 10. Nb3 0-0 11. Qd2 Rfc8 12. Bh6 Bh8 13. h3 a6 14. Rfe1 Ne5 15. Qe3 Qc7 16. f4 Neg4 17. hxg4 Nxg4 18. Qg3 Nxh6 19. Nd5 Qd8 20. c3 e6 21. Ne3 f5 22. e5 dxe5 23. fxe5 Qc7 24. Nc2 Ng4 25. Re2 Bxe5 26. Qe1 Bd4+ 27. Kf1 Nh2# 0-1

[Event "HUN-chT U18"]
[Site "Budapest"]
[Date "2019.10.28"]
[Round "5.4"]
[White "Kiss, Eniko"]
[Black "Daroczi, Donat"]
[Result "0-1"]
[WhiteElo "1703"]
[BlackElo "1976"]
[PlyCount "100"]
[EventDate "2019.10.26"]
[EventType "team-swiss"]
[EventRounds "7"]
[EventCountry "HUN"]
[SourceTitle "CBM 192 Extra"]
[Source "Chessbase"]
[SourceDate "2019.11.06"]
[SourceVersion "1"]
[SourceVersionDate "2019.11.06"]
[SourceQuality "1"]
[WhiteTeam "Miskolc Kisbocsok"]
[BlackTeam "Meritum Egyesuelet"]
[WhiteTeamCountry "HUN"]
[BlackTeamCountry "HUN"]

1. c4 e6 2. e4 d5 3. exd5 exd5 4. d4 Nf6 5. Nc3 Be7 6. Bd3 0-0 7. Nge2 dxc4 8. Bxc4 Bf5 9. 0-0 Nbd7 10. Ng3 Bg6 11. f4 Nb6 12. Bb3 h6 13. f5 Bh7 14. d5 Qd7 15. Qf3 Rad8 16. Be3 c6 17. dxc6 Qxc6 18. Qxc6 bxc6 19. a4 Ng4 20. Bxb6 axb6 21. Nce4 Rd4 22. a5 Rb4 23. Bd1 Ne3 24. Re1 Nxd1 25. Rexd1 bxa5 26. Rxa5 Rxb2 27. Re5 Bd8 28. Rc1 Bb6+ 29. Kf1 Rd8 30. Ke1 Ra8 31. Nd6 Kf8 32. Nc4 Bc7 33. Re3 Rxg2 34. Re2 Bxg3+ 35. hxg3 Rg1+ 36. Kd2 Ra2+ 37. Rc2 Rxc2+ 38. Kxc2 Bxf5+ 39. Kb2 Rxg3 40. Ne5 c5 41. Nc6 h5 42. Re5 Bg4 43. Rxc5 g6 44. Ne5 Kg7 45. Rc7 Be6 46. Nc6 h4 47. Nd8 Kf6 48. Rc2 h3 49. Rf2+ Kg7 50. Nxe6+ fxe6 0-1

[Event "HUN-chT U18"]
[Site "Budapest"]
[Date "2019.10.27"]
[Round "3.4"]
[White "Kiss, Eniko"]
[Black "Kiraly, Barnabas"]
[Result "1/2-1/2"]
[WhiteElo "1703"]
[BlackElo "1742"]
[PlyCount "46"]
[EventDate "2019.10.26"]
[EventType "team-swiss"]
[EventRounds "7"]
[EventCountry "HUN"]
[SourceTitle "CBM 192 Extra"]
[Source "Chessbase"]
[SourceDate "2019.11.06"]
[SourceVersion "1"]
[SourceVersionDate "2019.11.06"]
[SourceQuality "1"]
[WhiteTeam "Miskolc Kisbocsok"]
[BlackTeam "Haladas"]
[WhiteTeamCountry "HUN"]
[BlackTeamCountry "HUN"]

1. c4 Nf6 2. g3 g6 3. Bg2 Bg7 4. Nc3 c6 5. e4 e5 6. d3 d6 7. f4 Nbd7 8. Nf3 0-0 9. 0-0 Qe7 10. Re1 a5 11. b3 Nc5 12. Be3 Nfd7 13. Qd2 Ne6 14. f5 Nd4 15. Ne2 Nxf3+ 16. Bxf3 Nc5 17. fxg6 hxg6 18. Nc3 Rd8 19. Rad1 Be6 20. Bg5 f6 21. Be3 Rf8 22. d4 exd4 23. Bxd4 Rad8 1/2-1/2

[Event "HUN-chT U18"]
[Site "Zalakaros"]
[Date "2018.07.26"]
[Round "1.4"]
[White "Kiss, Eniko"]
[Black "Pogany, Dorka"]
[Result "1/2-1/2"]
[WhiteElo "1697"]
[BlackElo "1350"]
[PlyCount "37"]
[EventDate "2018.07.26"]
[EventType "team-swiss"]
[EventRounds "7"]
[EventCountry "HUN"]
[SourceTitle "CBM 185 Extra"]
[Source "ChessBase"]
[SourceDate "2018.07.29"]
[SourceVersion "1"]
[SourceVersionDate "2018.07.29"]
[SourceQuality "1"]
[WhiteTeam "Miskolc KisBocsok"]
[BlackTeam "Zsambek"]
[WhiteTeamCountry "HUN"]
[BlackTeamCountry "HUN"]

1. e4 b6 2. d4 Bb7 3. Nc3 e6 4. Bd3 Nf6 5. Nf3 Bb4 6. Qe2 d5 7. exd5 Nxd5 8. Bd2 Bxc3 9. bxc3 Nd7 10. 0-0 h6 11. c4 Ne7 12. Rfe1 c6 13. Bf4 0-0 14. Nh4 Nd5 15. Qg4 g5 16. Qe2 N7f6 17. Qe5 Ne7 18. Be3 Nc8 19. Bxg5 1/2-1/2

[Event "HUN-chT U18"]
[Site "Hajduboszormeny"]
[Date "2016.11.03"]
[Round "2.18"]
[White "Kiss, Eniko"]
[Black "Krajnyak, Zsofia"]
[Result "1-0"]
[WhiteElo "1574"]
[BlackElo "1264"]
[PlyCount "99"]
[EventDate "2016.11.02"]
[EventType "team-swiss"]
[EventRounds "8"]
[EventCountry "HUN"]
[SourceTitle "CBM 175 Extra"]
[Source "ChessBase"]
[SourceDate "2016.12.12"]
[SourceVersion "1"]
[SourceVersionDate "2016.12.12"]
[SourceQuality "1"]

1. e4 e5 2. Nf3 Nc6 3. Bc4 Bc5 4. c3 Nf6 5. d3 a6 6. Bb3 Ba7 7. Nbd2 0-0 8. Nf1 d5 9. Qe2 Be6 10. Ng3 h6 11. Nh4 Ne7 12. h3 Qd6 13. Qf3 Qd7 14. Bxh6 dxe4 15. dxe4 Bxb3 16. axb3 Qe6 17. Bg5 Ng6 18. Bxf6 Qxf6 19. Qxf6 gxf6 20. Nhf5 Kh7 21. Nh5 Nf4 22. Nxf6+ Kg6 23. Ng4 Rfd8 24. Nxe5+ Kf6 25. Ng4+ Kg6 26. Rd1 Nxg2+ 27. Ke2 Rxd1 28. Kxd1 Rd8+ 29. Kc2 Rh8 30. Rg1 Nf4 31. Nge3+ Kf6 32. Ng4+ Ke6 33. Ng7+ Ke7 34. h4 Nh3 35. Rf1 Nf4 36. Nh6 Kf6 37. Ngf5 Ng6 38. h5 Nf4 39. f3 Ng2 40. Kd3 Rd8+ 41. Kc4 Be3 42. Ng4+ Kg5 43. Ngxe3 Nxe3+ 44. Nxe3 Kxh5 45. f4 Rd2 46. Kb4 Rxb2 47. Nc4 Ra2 48. Ne5 f6 49. Rh1+ Rh2 50. Rxh2# 1-0

[Event "EU Union-ch U12"]
[Site "Kouty nad Desnou"]
[Date "2016.08.14"]
[Round "9"]
[White "Burenkovs, Artjoms"]
[Black "Kiss, Eniko"]
[Result "1/2-1/2"]
[WhiteElo "1315"]
[BlackElo "1629"]
[PlyCount "77"]
[EventDate "2016.08.06"]
[EventType "swiss"]
[EventRounds "9"]
[EventCountry "CZE"]
[SourceTitle "CBM 174 Extra"]
[Source "ChessBase"]
[SourceDate "2016.10.10"]
[SourceVersion "1"]
[SourceVersionDate "2016.10.10"]
[SourceQuality "1"]

1. b3 e5 2. Bb2 Nc6 3. e3 d5 4. a3 Bd6 5. d4 exd4 6. exd4 Nf6 7. Nf3 0-0 8. Be2 Ne7 9. 0-0 Ng6 10. Ne5 Bf5 11. Nd2 Ne4 12. Nxe4 Bxe4 13. f3 Bf5 14. f4 Qe7 15. c4 dxc4 16. bxc4 c5 17. Bh5 cxd4 18. Bxg6 fxg6 19. Re1 Qc7 20. Qb3 Bc5 21. Qf3 Rad8 22. Rad1 d3+ 23. Kh1 Qb6 24. Bc1 Qb3 25. g4 Bc8 26. Rxd3 Rxd3 27. Qxd3 Qxd3 28. Nxd3 Bd4 29. h3 b6 30. Re7 Rf7 31. Re8+ Rf8 32. Re7 Ba6 33. Nb2 Rf7 34. Re8+ Rf8 35. Re7 Rf7 36. Re8+ Rf8 37. Re7 Rf7 38. Re8+ Rf8 39. Re7 1/2-1/2

[Event "EU Union-ch U12"]
[Site "Kouty nad Desnou"]
[Date "2016.08.11"]
[Round "6"]
[White "Obrocnikova, Viktoria"]
[Black "Kiss, Eniko"]
[Result "0-1"]
[WhiteElo "1157"]
[BlackElo "1629"]
[PlyCount "80"]
[EventDate "2016.08.06"]
[EventType "swiss"]
[EventRounds "9"]
[EventCountry "CZE"]
[SourceTitle "CBM 174 Extra"]
[Source "ChessBase"]
[SourceDate "2016.10.10"]
[SourceVersion "1"]
[SourceVersionDate "2016.10.10"]
[SourceQuality "1"]

1. e4 c5 2. Nf3 d6 3. Bb5+ Bd7 4. Bxd7+ Nxd7 5. 0-0 g6 6. c3 Ngf6 7. Re1 Bg7 8. d4 0-0 9. h3 b5 10. a3 a5 11. Kh2 Qc7 12. Kh1 b4 13. axb4 axb4 14. Rxa8 Rxa8 15. cxb4 cxb4 16. Bd2 Qb7 17. d5 Nc5 18. Kg1 Nfxe4 19. Ng5 Nxd2 20. Nxd2 Bxb2 21. Qe2 Bc3 22. Qf3 f6 23. Ne6 Nxe6 24. Rxe6 Bxd2 25. Qe2 Bf4 26. g3 Ra1+ 27. Kh2 Be5 28. Qd3 Qb6 29. Kg2 Ra2 30. Qf3 Qa7 31. g4 b3 32. Rxe7 Qxe7 33. Qxb3 Qa7 34. Qf3 Kg7 35. h4 Bd4 36. g5 Rxf2+ 37. Qxf2 Bxf2 38. gxf6+ Kxf6 39. Kf3 Qe3+ 40. Kg4 h5# 0-1

[Event "EU Union-ch U12"]
[Site "Kouty nad Desnou"]
[Date "2016.08.10"]
[Round "5"]
[White "Kiss, Eniko"]
[Black "Povilaitis, Tomas"]
[Result "0-1"]
[WhiteElo "1629"]
[BlackElo "1657"]
[PlyCount "80"]
[EventDate "2016.08.06"]
[EventType "swiss"]
[EventRounds "9"]
[EventCountry "CZE"]
[SourceTitle "CBM 174 Extra"]
[Source "ChessBase"]
[SourceDate "2016.10.10"]
[SourceVersion "1"]
[SourceVersionDate "2016.10.10"]
[SourceQuality "1"]

1. Nf3 c5 2. e4 Nc6 3. d4 cxd4 4. Nxd4 e5 5. Nf3 Nf6 6. Nbd2 Be7 7. c3 0-0 8. Bd3 d5 9. 0-0 Bg4 10. h3 Bh5 11. exd5 Nxd5 12. Qc2 Bg6 13. Bxg6 hxg6 14. Re1 Qc7 15. Nc4 Bf6 16. Qe4 Rad8 17. Be3 b5 18. Na3 b4 19. cxb4 Ncxb4 20. Rec1 Qb7 21. Bc5 Rfe8 22. Rc4 Be7 23. Rxb4 Qc7 24. Bxe7 Qxe7 25. Rb5 Nf6 26. Qxe5 Qd7 27. Qc3 Ne4 28. Qb3 Nd2 29. Nxd2 Qxd2 30. g3 Rd3 31. Qc2 Re1+ 32. Rxe1 Qxe1+ 33. Kg2 Rd2 34. Qc5 Qe4+ 35. Kh2 Qf3 36. Rb8+ Kh7 37. h4 Rd1 38. Rh8+ Kxh8 39. Qc8+ Kh7 40. Qc1 Qh1# 0-1

[Event "Eger Agria op 40th"]
[Site "Eger"]
[Date "2016.07.21"]
[Round "5"]
[White "Joo, Judit"]
[Black "Kiss, Eniko"]
[Result "0-1"]
[WhiteElo "1401"]
[BlackElo "1622"]
[PlyCount "96"]
[EventDate "2016.07.18"]
[EventType "swiss"]
[EventRounds "8"]
[EventCountry "HUN"]
[SourceTitle "EXT 2020"]
[Source "ChessBase"]
[SourceDate "2019.10.17"]
[SourceVersion "1"]
[SourceVersionDate "2019.10.17"]
[SourceQuality "1"]

1. e4 c5 2. Nf3 d6 3. Nc3 g6 4. Bc4 Bg7 5. d4 cxd4 6. Nxd4 Qb6 7. Be3 Qxb2 8. Ncb5 Qb4+ 9. c3 Qxc4 10. Qe2 Qxe2+ 11. Nxe2 Na6 12. 0-0 Bd7 13. Nbd4 Nf6 14. f3 0-0 15. Rab1 b6 16. Ng3 Rac8 17. Rbc1 Nc5 18. Rfd1 Ne6 19. a3 Nxd4 20. Bxd4 Bh6 21. Rb1 Ba4 22. Re1 Bd2 23. Re2 Bxc3 24. Bxc3 Rxc3 25. Ra1 Rfc8 26. Ree1 Rd3 27. Ne2 Rc2 28. Nf4 Rdd2 29. Rac1 Rxc1 30. Rxc1 Rc2 31. Ra1 b5 32. Nd3 Rd2 33. Nb4 d5 34. Nc6 dxe4 35. fxe4 Nxe4 36. Nxe7+ Kf8 37. Nc6 a6 38. Nb4 Nc5 39. Rc1 Rd1+ 40. Rxd1 Bxd1 41. Kf2 Ke7 42. Ke3 Kd6 43. Kd4 a5 44. Nd5 Ne6+ 45. Ke4 Bc2+ 46. Ke3 Kxd5 47. g3 b4 48. axb4 axb4 0-1

[Event "Eger Agria op 40th"]
[Site "Eger"]
[Date "2016.07.19"]
[Round "3"]
[White "Simon, Milan Gabor"]
[Black "Kiss, Eniko"]
[Result "0-1"]
[WhiteElo "1492"]
[BlackElo "1622"]
[PlyCount "74"]
[EventDate "2016.07.18"]
[EventType "swiss"]
[EventRounds "8"]
[EventCountry "HUN"]
[SourceTitle "EXT 2020"]
[Source "ChessBase"]
[SourceDate "2019.10.17"]
[SourceVersion "1"]
[SourceVersionDate "2019.10.17"]
[SourceQuality "1"]

1. e4 c5 2. Nc3 g6 3. f4 d6 4. Nf3 Bg7 5. d4 Qa5 6. Bc4 Nc6 7. Be3 Qb4 8. Bb5 Bd7 9. Bxc6 Bxc6 10. d5 Bd7 11. 0-0 Qxb2 12. Ne2 Qxa1 13. Qxa1 Bxa1 14. Rxa1 Bg4 15. Rf1 Nf6 16. Ng3 Bxf3 17. Rxf3 b6 18. c4 e6 19. Rf1 exd5 20. cxd5 Kd7 21. f5 Ng4 22. Bf4 Rhe8 23. Re1 Nf6 24. fxg6 hxg6 25. Bg5 Ng4 26. Bf4 f5 27. Re2 fxe4 28. Nxe4 Re7 29. h3 Ne5 30. Nf6+ Kd8 31. Ne4 Kc7 32. Bg5 Rf7 33. Bf6 Re8 34. Kf1 Nd7 35. Ke1 Nxf6 36. Nxf6 Rxe2+ 37. Kxe2 Rxf6 0-1

[Event "HUN-ch U12 Girls"]
[Site "Balatonlelle"]
[Date "2016.06.25"]
[Round "2"]
[White "Kiss, Eniko"]
[Black "Leipold, Zora"]
[Result "1/2-1/2"]
[WhiteElo "1567"]
[BlackElo "1388"]
[PlyCount "121"]
[EventDate "2016.06.24"]
[EventType "swiss"]
[EventRounds "7"]
[EventCountry "HUN"]
[SourceTitle "CBM 173 Extra"]
[Source "ChessBase"]
[SourceDate "2016.08.29"]
[SourceVersion "1"]
[SourceVersionDate "2016.08.29"]
[SourceQuality "1"]

1. e4 e5 2. Nf3 Nc6 3. Bc4 Nf6 4. d3 Be7 5. c3 d6 6. Bb3 Na5 7. Bc2 c5 8. Nbd2 Nc6 9. Nf1 0-0 10. Ng3 h6 11. 0-0 Re8 12. Re1 Bf8 13. h3 g6 14. Nh2 d5 15. Qf3 d4 16. Ng4 Bxg4 17. hxg4 Bg7 18. Kh2 Kh7 19. Rh1 Rh8 20. Kg1 Kg8 21. g5 hxg5 22. Bxg5 Rxh1+ 23. Kxh1 Qd6 24. Kh2 Kh7 25. Bb3 Qe7 26. Rh1 Rh8 27. Kg1+ Kg8 28. Rxh8+ Kxh8 29. Ne2 Kg8 30. Qh3 Qd7 31. Qf3 Qg4 32. Qxg4 Nxg4 33. f4 Kf8 34. cxd4 exd4 35. a3 f6 36. Bh4 Bh6 37. Be6 g5 38. fxg5 fxg5 39. Bg3 Nge5 40. Bc8 b6 41. Bb7 Ke7 42. b4 Bg7 43. bxc5 bxc5 44. Nc1 Na5 45. Bd5 Kf6 46. Kf2 Bf8 47. Ke2 c4 48. Bxe5+ Kxe5 49. dxc4 Bxa3 50. Nd3+ Kd6 51. e5+ Kd7 52. Kf3 Be7 53. Ke4 Nb3 54. Nf2 a5 55. c5 Nxc5+ 56. Kxd4 Ne6+ 57. Kc4 a4 58. g3 a3 59. Kb3 Nd4+ 60. Ka2 Nc6 61. Nd3 1/2-1/2

[Event "HUN-chT U18"]
[Site "Budapest"]
[Date "2015.08.30"]
[Round "8.36"]
[White "Bakos, Balazs1"]
[Black "Kiss, Eniko"]
[Result "1-0"]
[WhiteElo "1769"]
[BlackElo "1215"]
[PlyCount "69"]
[EventDate "2015.08.26"]
[EventType "team-swiss"]
[EventRounds "8"]
[EventCountry "HUN"]
[SourceTitle "EXT 2016"]
[Source "ChessBase"]
[SourceDate "2015.10.08"]
[SourceVersion "1"]
[SourceVersionDate "2015.10.08"]
[SourceQuality "1"]

1. e4 e5 2. Nf3 Nc6 3. d4 exd4 4. Nxd4 Bc5 5. Nb3 Bb6 6. Nc3 Nge7 7. Qe2 0-0 8. Be3 d5 9. 0-0-0 d4 10. Nb5 Ng6 11. N5xd4 Nxd4 12. Nxd4 Qe7 13. f3 Bd7 14. g4 Rfc8 15. h4 c5 16. Nf5 Qe6 17. Kb1 Rd8 18. Bh3 Ne7 19. Rd6 Qe5 20. f4 Qxe4 21. Bg2 Qb4 22. Nxe7+ Kf8 23. Nd5 Qa5 24. Bd2 Qa4 25. Qe7+ Kg8 26. Nc3 Qa5 27. Rxd7 Rxd7 28. Qxd7 Rd8 29. Qe7 g6 30. Ne4 Qb5 31. Bc3 a5 32. Nf6+ Kg7 33. g5 a4 34. Ng4+ Kg8 35. Nh6# 1-0